<?xml version="1.0" encoding="UTF-8"?>
<record
    xmlns:xsi="http://www.w3.org/2001/XMLSchema-instance"
    xsi:schemaLocation="http://www.loc.gov/MARC21/slim http://www.loc.gov/standards/marcxml/schema/MARC21slim.xsd"
    xmlns="http://www.loc.gov/MARC21/slim">

  <leader>01469cam a2200325 i 4500</leader>
  <datafield tag="999" ind1=" " ind2=" ">
    <subfield code="c">77258</subfield>
    <subfield code="d">314535</subfield>
  </datafield>
  <controlfield tag="001">19671237</controlfield>
  <controlfield tag="003">OSt</controlfield>
  <controlfield tag="005">20190822085624.0</controlfield>
  <controlfield tag="008">170531s2016    stka          001 0 eng  </controlfield>
  <datafield tag="010" ind1=" " ind2=" ">
    <subfield code="a">  2016499836</subfield>
  </datafield>
  <datafield tag="020" ind1=" " ind2=" ">
    <subfield code="a">9780702062315</subfield>
  </datafield>
  <datafield tag="020" ind1=" " ind2=" ">
    <subfield code="a">0702062316</subfield>
  </datafield>
  <datafield tag="040" ind1=" " ind2=" ">
    <subfield code="a">DLC</subfield>
    <subfield code="b">eng</subfield>
    <subfield code="e">rda</subfield>
    <subfield code="c">DLC</subfield>
    <subfield code="d">DLC</subfield>
  </datafield>
  <datafield tag="042" ind1=" " ind2=" ">
    <subfield code="a">pcc</subfield>
  </datafield>
  <datafield tag="050" ind1="0" ind2="0">
    <subfield code="a">RS57</subfield>
    <subfield code="b">.G38 2016</subfield>
  </datafield>
  <datafield tag="082" ind1="0" ind2="0">
    <subfield code="a">615.1401513</subfield>
    <subfield code="2">23</subfield>
    <subfield code="b">GJN</subfield>
  </datafield>
  <datafield tag="100" ind1="1" ind2=" ">
    <subfield code="a">Gatford, J. D.,</subfield>
    <subfield code="e">author.</subfield>
    <subfield code="9">74822</subfield>
  </datafield>
  <datafield tag="245" ind1="1" ind2="0">
    <subfield code="a">Nursing calculations /</subfield>
    <subfield code="c">J.D. Gatford, Mathematics Tutor, Melbourne, Australia, N.M. Phillips, DipAppSc(Nsg), BN GDipAdvNsg (Educ), MNS, PhD, Associate Professor, Director of Undergraduate Studies, School of Nursing and Midwifery, Deakin University, Victoria, Australia.</subfield>
  </datafield>
  <datafield tag="250" ind1=" " ind2=" ">
    <subfield code="a">Ninth edition.</subfield>
  </datafield>
  <datafield tag="260" ind1=" " ind2=" ">
    <subfield code="a">Edinburgh ;</subfield>
    <subfield code="a">New York :</subfield>
    <subfield code="b">Elsevier,</subfield>
    <subfield code="c">[2016]</subfield>
  </datafield>
  <datafield tag="300" ind1=" " ind2=" ">
    <subfield code="a">x, 174 pages :</subfield>
    <subfield code="b">illustrations ;</subfield>
    <subfield code="c">19 cm +</subfield>
    <subfield code="e">dosage formulas card (in back cover pocket)</subfield>
  </datafield>
  <datafield tag="500" ind1=" " ind2=" ">
    <subfield code="a">Includes index.</subfield>
  </datafield>
  <datafield tag="505" ind1="0" ind2=" ">
    <subfield code="a">A review of relevant calculations -- Dosages of oral medications -- Dosages of medications for injection -- Intravenous infusion -- Paediatric dosages -- Revision of nursing calculations -- Answers.</subfield>
  </datafield>
  <datafield tag="650" ind1=" " ind2="0">
    <subfield code="a">Pharmaceutical arithmetic.</subfield>
    <subfield code="9">74823</subfield>
  </datafield>
  <datafield tag="650" ind1=" " ind2="0">
    <subfield code="a">Nursing</subfield>
    <subfield code="x">Mathematics.</subfield>
    <subfield code="9">74824</subfield>
  </datafield>
  <datafield tag="700" ind1="1" ind2=" ">
    <subfield code="a">Phillips, N.</subfield>
    <subfield code="q">(Nicole),</subfield>
    <subfield code="e">author.</subfield>
    <subfield code="9">74825</subfield>
  </datafield>
  <datafield tag="906" ind1=" " ind2=" ">
    <subfield code="a">7</subfield>
    <subfield code="b">cbc</subfield>
    <subfield code="c">origcop</subfield>
    <subfield code="d">2</subfield>
    <subfield code="e">ncip</subfield>
    <subfield code="f">20</subfield>
    <subfield code="g">y-gencatlg</subfield>
  </datafield>
  <datafield tag="942" ind1=" " ind2=" ">
    <subfield code="2">ddc</subfield>
    <subfield code="c">BOOK</subfield>
  </datafield>
  <datafield tag="952" ind1=" " ind2=" ">
    <subfield code="1">0</subfield>
    <subfield code="2">2019-08-22</subfield>
    <subfield code="4">0</subfield>
    <subfield code="7">0</subfield>
    <subfield code="a">615.1401513 GJN</subfield>
    <subfield code="d">2019-08-22</subfield>
    <subfield code="h">CL</subfield>
    <subfield code="i">00157906</subfield>
    <subfield code="m">CL</subfield>
    <subfield code="r">2019-08-22 00:00:00</subfield>
    <subfield code="t">BOOK</subfield>
    <subfield code="w">ddc</subfield>
    <subfield code="y">0</subfield>
  </datafield>
  <datafield tag="952" ind1=" " ind2=" ">
    <subfield code="1">0</subfield>
    <subfield code="2">2019-08-22</subfield>
    <subfield code="4">0</subfield>
    <subfield code="7">0</subfield>
    <subfield code="a">615.1401513 GJN</subfield>
    <subfield code="d">2019-08-22</subfield>
    <subfield code="h">CL</subfield>
    <subfield code="i">00157907</subfield>
    <subfield code="m">CL</subfield>
    <subfield code="r">2019-08-22 00:00:00</subfield>
    <subfield code="t">BOOK</subfield>
    <subfield code="w">ddc</subfield>
    <subfield code="y">0</subfield>
  </datafield>
  <datafield tag="952" ind1=" " ind2=" ">
    <subfield code="1">0</subfield>
    <subfield code="2">2019-08-22</subfield>
    <subfield code="4">0</subfield>
    <subfield code="7">0</subfield>
    <subfield code="a">615.1401513 GJN</subfield>
    <subfield code="d">2019-08-22</subfield>
    <subfield code="h">CL</subfield>
    <subfield code="i">00157908</subfield>
    <subfield code="m">CL</subfield>
    <subfield code="r">2019-08-22 00:00:00</subfield>
    <subfield code="t">BOOK</subfield>
    <subfield code="w">ddc</subfield>
    <subfield code="y">0</subfield>
  </datafield>
  <datafield tag="952" ind1=" " ind2=" ">
    <subfield code="1">0</subfield>
    <subfield code="2">2019-08-22</subfield>
    <subfield code="4">0</subfield>
    <subfield code="7">0</subfield>
    <subfield code="a">615.1401513 GJN</subfield>
    <subfield code="d">2019-08-22</subfield>
    <subfield code="h">AMF</subfield>
    <subfield code="i">00157909</subfield>
    <subfield code="m">AMF</subfield>
    <subfield code="q">2023-09-04</subfield>
    <subfield code="r">2024-09-01 00:00:00</subfield>
    <subfield code="t">BOOK</subfield>
    <subfield code="w">ddc</subfield>
    <subfield code="y">1</subfield>
  </datafield>
  <datafield tag="952" ind1=" " ind2=" ">
    <subfield code="1">0</subfield>
    <subfield code="2">2019-08-22</subfield>
    <subfield code="4">0</subfield>
    <subfield code="7">0</subfield>
    <subfield code="a">615.1401513 GJN</subfield>
    <subfield code="d">2019-08-22</subfield>
    <subfield code="h">AMF</subfield>
    <subfield code="i">00157910</subfield>
    <subfield code="m">AMF</subfield>
    <subfield code="r">2019-08-22 00:00:00</subfield>
    <subfield code="t">BOOK</subfield>
    <subfield code="w">ddc</subfield>
    <subfield code="y">0</subfield>
  </datafield>
</record>
